Measuring empowerment : (Record no. 13074)

000 -LEADER
fixed length control field 00620cam a22002054a 4500
020 ## - INTERNATIONAL STANDARD BOOK NUMBER
ISBN 9780821360576 (pbk.)
020 ## - INTERNATIONAL STANDARD BOOK NUMBER
ISBN 0821360574 (pbk.)
020 ## - INTERNATIONAL STANDARD BOOK NUMBER
ISBN 9780821360583 (eISBN)
020 ## - INTERNATIONAL STANDARD BOOK NUMBER
ISBN 0821360582 (eISBN)
040 ## - CATALOGING SOURCE
Transcribing agency DLC
082 00 - DEWEY DECIMAL CLASSIFICATION NUMBER
Classification number 305 THE 2005 A014 Or.
245 00 - TITLE STATEMENT
Title Measuring empowerment :
Remainder of title cross-disciplinary perspectives /
260 ## - PUBLICATION, DISTRIBUTION, ETC. (IMPRINT)
Place of publication Washington, DC : World Bank, c2005.
300 ## - PHYSICAL DESCRIPTION
Number of Pages xx, 475 p. :
Other physical details ill. ;
Dimensions 23 cm.
650 #0 - SUBJECT ADDED ENTRY--TOPICAL TERM
Topical Term Community development
650 #0 - SUBJECT ADDED ENTRY--TOPICAL TERM
Topical Term Poverty
700 1# - ADDED ENTRY--PERSONAL NAME
Personal name Narayan-Parker, Deepa.
856 41 - ELECTRONIC LOCATION AND ACCESS
Uniform Resource Identifier http://www.loc.gov/catdir/toc/ecip0510/2005009407.html
942 ## - ADDED ENTRY ELEMENTS (KOHA)
Koha item type សៀវភៅភាសាអង់គ្លេស
952 ## - LOCATION AND ITEM INFORMATION (KOHA)
Withdrawn status [LOCAL, KOHA] 0
Holdings
Permanent Location Date acquired Koha item type Lost status Shelving location Barcode Current Location Full call number
Library Block A2017-08-19សៀវភៅភាសាអង់គ្លេស A014A19584Library Block A305 THE 2005 A014 Or.
មជ្ឈមណ្ឌលឯការនៃសាកលវិទ្យាល័យភូមិន្ទកសិកម្មចំការដូង

Powered by Koha